Türkiye'de basın fotoğrafçılığının görsel tarihi (Record no. 9817)

MARC details
000 -BAŞLIK
Sabit Uzunlukta Kontrol Alanı 00818na a2200265 4500
001 - KONTROL NUMARASI
Denetim Alanı 23612
003 - KONTROL NUMARASI IDENTIFIER
Denetim Alanı MIRAKIL
005 - SON İŞLEM TARİHİ VE ZAMANI
Denetim Alanı 20181213155257.0
008 - SABİT-BOY VERİ ELEMANLARI - GENEL BİLGİLER
Sabit Uzunlukta Kontrol Alanı 171108b tu 000 0
020 ## - ULUSLARARASI STANDART KİTAP NUMARASI
Uluslararası Standart Kitap Numarası 9789750035715
040 ## - KATALOGLAMA KAYNAK
Orijinal Kataloglama Ajansı Milas
Kataloglama Dili tur
Metne Dönüştürmek Ajansı TR-AnCHP
041 ## - DİL KODU
Metin / Ses Parça Veya Ayrı Başlığın Dil Kodu tur
082 ## - DEWEY ONLU SINIFLANDIRMA NUMARASI
Sınıflandırma Numarası 070.4909561
Ürün Numarası K28t 2011
090 ## - SINIFLAMA NUMARASI
Sınıflama Numarası 070.4909561 K28t 2011
100 ## - ANA GİRİŞ - KİŞİSEL İSİM
Kişisel Ad Kavas,Uğur
245 ## - BAŞLIK TABLOSU
Başlık Türkiye'de basın fotoğrafçılığının görsel tarihi
Başlığın Kalan 1960'dan günümüze 2. kitap
Sorumluluk Tablosu, Vb Uğur Kavas
246 ## - UNVAN FORM VARYING
Başlık Doğru / Kısa Başlığı 1960'dan günümüze
260 ## - YAYIN, DAĞITIM, VB
Yayın, Dağıtım, Vb Yeri Ankara
Yayıncı, Dağıtıcı, Vs Adı [yayl.y.]
Yayın, Dağıtım, Vb Tarihi 2011
Üretici Firma Dumat ofset
300 ## - FİZİKSEL TANIM
Kapsam 352 s.
Diğer Fiziksel Ayrıntıları tbl. , fotğ.
Boyutlar 24 sm.
504 ## - KAYNAKÇA VB NOT
Kaynakça Vb Notu Kaynakça var.
650 ## - KONU KATMA GİRİŞ - TOPİKAL DÖNEM
Topikal Süreli Veya Coğrafi Ad Giriş Elemanı Fotoğrafçılık
Genel Alt Bölümü Türkiye
650 ## - KONU KATMA GİRİŞ - TOPİKAL DÖNEM
Topikal Süreli Veya Coğrafi Ad Giriş Elemanı Basın fotoğrafçılığı
Genel Alt Bölümü Tarih
Coğrafi Alt Bölümü Türkiye
740 ## - KATMA GİRİŞ - KONTROLSUZ İLGİLİ / ANALİTİK BAŞLIK
Kontrol Edilmeyen / İlgili Analitik Başlıktaki 1960'dan günümüze
942 ## - EKLENDİ GİRİŞ ELEMANLARI (KOHA)
Sınıflandırma Veya Raf Düzeni Kaynak
Koha Öğesi Türü Books
999 ## - SİSTEM KONTROL NUMARALARI (KOHA)
Koha Biblionumber 9817
Koha Biblioitemnumber 9817
Holdings
Kalıcı Konum Mevcut Konum Edinme Tarihi Edinim Kaynak Toplam Check-Out'Lar Tam Çağrı Numarası Barkod Tarih Son Görülme İtibaren Geçerli Fiyatlar Koha Öğesi Türü
CHP Kütüphanesi CHP Kütüphanesi 11/08/2017 Bağış   070.4909561 K28t 2011 017596 11/08/2017 11/08/2017 Books